000 00622 a2200217 4500
003 NLI
005 20220526123507.0
008 220505b2020 ii ||||| |||| 00| 0 eng d
020 _a9789383913732
_cRs 800.00
040 _cProcessing (English) Division
082 _223rd ed.
_aE 303.30954
_bK 96 m
100 _aKumar, Praveen
_92986
245 _aMaking of Clean India/
_cPraveen Kumar
260 _aDelhi:
_bAryan Publication,
_c2020
300 _a152p.;
_c22 cm
650 _aSocial change
_zIndia
_9707544
650 _aSocial movement
_zIndia
_91120002
887 _aBhaskar
887 _aPravinbp2
942 _2ddc
_cBKS
999 _c2155
_d2155